000 00682nam a2200253Ia 4500
003 OSt
005 20220918201033.0
006 a|||||r|||| 00| 0
007 ta
008 220917b |||||||| |||| 00| 0 eng d
024 _a91,339
037 _cTextual
040 _aARTS
_cARTS
_beng
041 _2eng
_aeng
082 _aU8:(Y7), L8
100 _aSmith Valene L. Ed
_996431
245 0 _aHost and guest
_b The anthropology of tourism
260 _aOxford
_bBasil Blackwell
_c1978
300 _a254p.
_ccm.
500 _aBibliography p217--242
650 _aGEOGRAPHY
942 _hU8:(Y7), L8
_cTEXL
_2CC
999 _c214998
_d214998